Cities With the Most Billionaires - Statistics

General Stats
  • This quiz has been taken 102,253 times
    41,738 since last reset
  • The average score is 16 of 24
Answer Stats
# City % Correct
145 New York
99%
65 Los Angeles
95%
66 London
93%
20 Paris
91%
35 Tokyo
87%
94 Beijing
86%
82 Moscow
82%
85 Shanghai
78%
24 Chicago
75%
57 Miami
72%
30 Delhi
70%
115 San Francisco
70%
71 Hong Kong
65%
49 Mumbai
63%
42 Seoul
63%
34 Singapore
63%
29 Dallas
58%
25 Boston
56%
123 Guangzhou / Shenzhen
52%
28 São Paulo
46%
28 Bangkok
42%
27 Taipei
40%
20 Stockholm
31%
50 Hangzhou
8%
No matching quizzes found
Score Distribution
Percent of People with Each Score
Percentile by Number Answered
Your Score History
You have not taken this quiz since the last reset